00580nam a22001697a 450000500170000001000150001702000300003203500140006203700130007608200080008910000280009724500580012526000600018327000910024330000200033470000560035420190822145116.0 aENG-126274 c150.00a978-93-84566-18-0 aEN-109806 bDBAD/PUB a920 aChakravortty, Panchanan aBiplabi Purna Chandra Das/cby Panchanan Chakravortty aKolkatabInstitute Of Social And Cultural Studiesc2017 bKolkataa48/2, Dr. Suresh Sarkar Road Kolkatae700014k033-65339003miscskol@gmail.com a88p.c21cm(pbk) aedited by Asim Pada Chakrabarti [and] Goutam Biswas